000 02116cam a2200565 i 4500
001 33354
003 KOSZ 005
005 20250812144109.0
008 250812s1998 pl a f 000 0 pol
015 _aPB 1997/15111
020 _a8320810930
035 _a991005187129705066
035 _a(PL-WaBN)b11359456-48omnis_nlop
035 _ab11359456
035 _a(OCoLC)750536660
035 _a(PL)b0000001135945
035 _a(EXLNZ-48OMNIS_NETWORK)9910242129705606
040 _aWA N
_cWA N
_dKOSZ 005/RW
046 _k1994
080 _a658.1/.5
080 _a005.2
080 _a(075.8)
245 0 0 _aAnaliza strategiczna przedsiębiorstwa /
_cGrażyna Gierszewska, Maria Romanowska.
250 _aWydanie 2 zmienione.
260 _aWarszawa :
_bPolskie Wydawnictwo Ekonomiczne,
_c1998.
300 _a310, [2] stron :
_brysunki, wykresy ;
_c21 cm.
336 _aTekst
_btxt
_2rdacontent
337 _aBez urządzenia pośredniczącego
_bn
_2rdamedia
338 _aWolumin
_bnc
_2rdacarrier
380 _aKsiążki
380 _aPublikacje dydaktyczne
385 _mPoziom nauczania
_aSzkoły wyższe
388 1 _a1901-2000
388 1 _a1989-2000
504 _aBibliografia na stronach 309-[311].
521 8 _aKsiążka jest przeznaczona głównie dla studentów kierunków ekonomicznych w wyższych uczelniach wszystkich typów, słuchaczy szkół zarządzania oraz uczestników różnorodnych kursów menedżerskich.
650 7 _aEkonomika przedsiębiorstwa
_2DBN
650 7 _aPlanowanie strategiczne
_2DBN
650 7 _aPrzedsiębiorstwo
_2DBN
650 7 _aZarządzanie
_2DBN
655 7 _aPodręczniki akademickie
_2DBN
658 _aGospodarka, ekonomia, finanse
658 _aZarządzanie i marketing
700 1 _aGierszewska, Grażyna
_eAutor
700 1 _aRomanowska, Maria
_d(1947- )
_eAutor
710 2 _aPolskie Wydawnictwo Ekonomiczne
_4pbl
856 _uhttp://koha.tu.koszalin.pl/cgi-bin/koha/opac-detail.pl?biblionumber=33354
_yKatalog online BPK
942 _2UKD
_cKS
999 _c33354
_d33354